401 al 450. Decretos leyes dictados por la Junta de Gobierno de la República de Chile
Saved in:
| Format: | Bog |
|---|---|
| Sprog: | spansk |
| Udgivet: |
Santiago
Jurídica de Chile
1974
|
| Serier: | Textos Legales, 9
|
| Fag: | |
| Tags: |
Tilføj Tag
Ingen Tags, Vær først til at tagge denne postø!
|
MARC
| LEADER | 00000nam a2200000 a 4500 | ||
|---|---|---|---|
| 001 | UCR0839 | ||
| 003 | CL-VaPUC | ||
| 008 | 971205e19740000CL |||||||||||||||||spa|d | ||
| 082 | 0 | 4 | |a 348.022 |b DEC |2 21 |
| 245 | 1 | 0 | |a 401 al 450. Decretos leyes dictados por la Junta de Gobierno de la República de Chile |
| 300 | |a 368 p | ||
| 942 | |c BK | ||
| 945 | |d 19971205 00:00:00 |a lriquelm | ||
| 260 | |a Santiago |b Jurídica de Chile |c 1974 | ||
| 650 | 7 | |a LEGISLACION |2 CL-VaPUC |9 397295 | |
| 650 | 7 | |a FUENTES |2 CL-VaPUC |9 255666 | |
| 650 | 7 | |a DERECHO CHILENO |2 CL-VaPUC |9 397296 | |
| 650 | 7 | |a DECRETO LEY |2 CL-VaPUC |9 382553 | |
| 651 | 7 | |a CHILE |2 CL-VaPUC |9 397297 | |
| 583 | |a last modification |c 19971205 00:00:00 |k Rodrigo Vera | ||
| 490 | 0 | |a Textos Legales, 9 | |
| 999 | |c 264337 |d 264335 | ||